Normal view MARC view
  • Dr. O. N. V. Kurup

Entry Personal Name

Number of records used in: 1

001 - CONTROL NUMBER

  • control field: 35011

003 - CONTROL NUMBER IDENTIFIER

  • control field: OSt

005 - DATE AND TIME OF LATEST TRANSACTION

  • control field: 20260223130141.0

008 - FIXED-LENGTH DATA ELEMENTS

  • fixed length control field: 260223|| aca||aabn | a|a d

040 ## - CATALOGING SOURCE

  • Original cataloging agency: OSt
  • Transcribing agency: OSt

100 ## - HEADING--PERSONAL NAME

  • Personal name: Dr. O. N. V. Kurup

670 ## - SOURCE DATA FOUND

  • Source citation: Work cat.: (OSt)7733: Dr. O. N. V. Kurup, Darshan

Copyright © 2024 Indian Institute of Management Visakhapatnam
Koha v23.05